Govt. of
Madhya Pradesh

Spectrum Of Tribal Bastar (Record no. 64826)

MARC details
000 -LEADER
fixed length control field 00271nam a2200109Ia 4500
008 - FIXED-LENGTH DATA ELEMENTS--GENERAL INFORMATION
fixed length control field 221009s9999 xx 000 0 und d
082 ## - DEWEY DECIMAL CLASSIFICATION NUMBER
Classification number 307.7/SAR
100 ## - MAIN ENTRY--PERSONAL NAME
Personal name Dasgupta, Samira
9 (RLIN) 1277
245 #0 - TITLE STATEMENT
Title Spectrum Of Tribal Bastar
260 ## - PUBLICATION, DISTRIBUTION, ETC. (IMPRINT)
Name of publisher, distributor, etc. Agam Kala Prakashan,
942 ## - ADDED ENTRY ELEMENTS (KOHA)
Koha item type Books

No items available.